02552nam a2200229Ia 4500003000400000005001700004008004100021040002100062041000800083082002500091100004100116245010700157250002200264260006300286300009700349501003400446505026000480520145700740650003902197650003802236710004802274OSt20211014100803.0210310s1987 ck gr 000 0 spa d aCO-JMCRcCO-JMCR0 aspa04a336.861 /bF634e2231 aFlórez E., Luis Bernardo, eautor 10aEconomía publica y control fiscal /cLuis Bernardo Flórez E., Contraloría General de la Nación aPrimera edición aBogotá : bContraloría General de la Nación, c1987. a447 páginas, algunas plegables : bilustraciones y gráficas en blanco y negro ; c24 cm. aCon: notas a pie de página.0 gv.1 / tLa política económica y sus resultados. -- Formas de gestión financiera del estado. -- gv.2 /tLa gestión de las empresas del estado. -- El sector público y el desarrollo regional. -- Sinopsis de temas especiales del informe financiero.0 aEste libro ya como respuesta a una preocupante realidad de una parte de la opinión colombiana: su desinformación, su superficialidad, su manía de actuar y hablar con dogmas y clisés. Mientras se mantiene una campaña en desmedro de los controles constitucionales y se insiste ciegamente, con el apoyo de encopetados funcionarios públicos, que deberían eliminarse o atenuarse en sus alcances, ignoran que ellos, en estas épocas, responden a una necesidad democrática, a una exigencia de la misma moderniza ción estatal a una urgencia política para abastecer a las mayorías de elementos de juicio y cifras en torno al Gobierno y sus organismos operativos, la permanente divulgación de su balances de tal modo que no sean pocos los que tengan acceso a ese tipo de documentos y haya, por el contrario, una ciudadanía con posibilidades de participar con solvencia en el debate de la Nación. Tras de ese objetivo de constreñir algo tan esencial para el ejercicio de un régimen con libertades, olvidan que esos controles previstos en la Carta tienen que adaptarse a las nuevas circunstancias del país, de su administración pública, avanzar en técnicas inobjetables para el cumplimiento de sus fines primordiales, recrear los instrumentos de trabajo para que la mutación científica no los deje averiados en el camino de la historia, una actualización que tiene por compromiso servir los intereses de la comunidad.14aHacienda pública -- zColombia.24aPolítica económica.zColombia1 aContraloría General de la Nacióneautor